Οι επιχειρήσεις στο τουρισμό : πτυχιακή εργασία

Αποθηκεύτηκε σε:
Λεπτομέρειες βιβλιογραφικής εγγραφής
Κύριος συγγραφέας: Καραμπίνης, Μάριος
Συγγραφή απο Οργανισμό/Αρχή: Πανεπιστήμιο Αιγαίου Σχολή Επιστημών της Διοίκησης Τμήμα Διοίκησης Επιχειρήσεων - Τ.Δ.Ε
Μορφή: Thesis Βιβλίο
Γλώσσα:Greek
Δημοσίευση: 2008
Θέματα:
Διαθέσιμο Online:http://hdl.handle.net/11610/6369
Ετικέτες: Προσθήκη ετικέτας
Δεν υπάρχουν, Καταχωρήστε ετικέτα πρώτοι!

MARC

LEADER 00000cam a2200000 i 4500
001 1/96297
008 081031s2008 gre d
035 |l 10101286 
040 |a GR-MY-UA  |b gre  |e aacr 
041 0 |a gre 
082 0 |a 338.4791  |2 (22) 
100 1 |a Καραμπίνης, Μάριος. 
245 1 3 |a Οι επιχειρήσεις στο τουρισμό :  |b πτυχιακή εργασία /  |c Καραμπίνης Μάριος 
260 |c 2008 
300 |a [58] σ.;  |c 30 εκ. 
502 # # |a Πτυχιακή εργασία – Πανεπιστήμιο Αιγαίου, Χίος, 2008. 
504 |a Περιλαμβάνει βιβλιογραφία 
610 2 0 |a Πανεπιστήμιο Αιγαίου. 
650 0 0 |a Tourism. 
650 0 0 |a Dissertations, Academic  |z Greece. 
710 1 |a Πανεπιστήμιο Αιγαίου  |b Σχολή Επιστημών της Διοίκησης  |b Τμήμα Διοίκησης Επιχειρήσεων - Τ.Δ.Ε. 
852 |a INST  |b CHIOS  |c DIATR  |e 20081031  |h 338.4791 ΚΑΡ  |p 005200031135  |q 005200031135  |t DIE  |y 23 
852 |a INST  |b CHIOS  |c DIATR  |e 20081031  |h 338.4791 ΚΑΡ  |p 005200031136  |q 005200031136  |t DIE  |y 23 
856 |u http://hdl.handle.net/11610/6369 
901 |a BIBL2-2008-3 
909 |a Χ  |b 146643 
909 |a Χ  |b 146642 
924 |a ΚΑΡΑΜΠΙΝΗΣ  |b ΜΑΡΙΟΣ  |y ΧΙΟΣ  |z 2008-09 
970 |a ΒΑΣΙΛΑΚΗ  |b ΝΙΚΗ  |z 2008/10/31